Estadísticas para Países con los Nombres más Largos A-Z

Haz click aquí para tomar la prueba!

Estadísticas generales

  • Esta prueba ha sido tomada 2.262 veces
  • La puntuación promedio es 13 de 23

Estadísticas de respuestas

Letra#País% Correcto
O4Omán
80%
Z8Zimbabue
79%
K10Kazajistán | Kirguistán
75%
D9Dinamarca
74%
Y6Yibuti
70%
F9Finlandia | Filipinas
69%
R28República Democrática del Congo
69%
J8Jordania
67%
U10Uzbekistán
65%
V9Venezuela
60%
H8Honduras
59%
E28Estados Federados de Micronesia
57%
A15Antigua y Barbuda
55%
S24San Vicente y las Granadinas
49%
I13Islas Marshall
47%
T15Trinidad y Tobago
47%
P16Papua Nueva Guinea
46%
L13Liechtenstein
42%
N12Nueva Zelanda
40%
G16Guinea Ecuatorial
37%
B18Bosnia y Herzegovina
34%
C17Ciudad del Vaticano
30%
M17Macedonia del Norte
29%

Distribución de puntuación

Porcentaje por número respondido

Porcentaje de gente con cada puntuación

Historial de tus puntuaciones

No has tomado esta prueba